रामचन्द्र शुक्ल : (Record no. 111576)

MARC details
000 -LEADER
fixed length control field 01372nam a22002657a 4500
005 - DATE AND TIME OF LATEST TRANSACTION
control field 20170124102926.0
010 ## - LIBRARY OF CONGRESS CONTROL NUMBER
LC control number A-440257
020 ## - INTERNATIONAL STANDARD BOOK NUMBER
Terms of availability 100.00
035 ## - SYSTEM CONTROL NUMBER
System control number A-440257
037 ## - SOURCE OF ACQUISITION
Source of stock number/acquisition Cen Lib/Ret
040 ## - CATALOGING SOURCE
Original cataloging agency DPL
Language of cataloging HN
082 ## - DEWEY DECIMAL CLASSIFICATION NUMBER
Classification number 828.08
Item number रामच
245 ## - TITLE STATEMENT
Title रामचन्द्र शुक्ल :
Statement of responsibility, etc सम्पादक शशिभूषण सिंहल [और] पुष्पा बंसल
Remainder of title आचार्य रामचन्द्र शुक्ल के बहुमिखी कृतित्व का सर्वागीण विवेचन /
246 ## - VARYING FORM OF TITLE
Title proper/short title Ramchandra Shukal : acharya Ramchandra Shukal ke bahumukhi krititv ka sarvangeen vivechan /
Remainder of title sampadak Shashibhushan Sinhal [or] Pushpa Bansal
260 ## - PUBLICATION, DISTRIBUTION, ETC. (IMPRINT)
Place of publication, distribution, etc नयी दिल्ली
Name of publisher, distributor, etc दिग्दर्शनचरण जैन
Date of publication, distribution, etc 1986
270 ## - ADDRESS
Address 4662/21, दरयागंज
City नयी दिल्ली
Postal code 110002
300 ## - PHYSICAL DESCRIPTION
Extent 260पृ.
Dimensions 19सेमी(सजिल्द )
650 ## - SUBJECT ADDED ENTRY--TOPICAL TERM
Topical term or geographic name as entry element हिंदी साहित्य
Geographic subdivision
9 (RLIN) 43544
650 ## - SUBJECT ADDED ENTRY--TOPICAL TERM
Topical term or geographic name as entry element हिंदी उपन्यास
Form subdivision
9 (RLIN) 105944
650 ## - SUBJECT ADDED ENTRY--TOPICAL TERM
Topical term or geographic name as entry element Hindi literature
9 (RLIN) 105945
650 ## - SUBJECT ADDED ENTRY--TOPICAL TERM
Topical term or geographic name as entry element Hindi fiction
9 (RLIN) 27248
700 ## - ADDED ENTRY--PERSONAL NAME
Personal name सिंहल, शाशिभूषण
9 (RLIN) 105946
700 ## - ADDED ENTRY--PERSONAL NAME
Personal name बंसल, पुष्पा
9 (RLIN) 105947
942 ## - ADDED ENTRY ELEMENTS (KOHA)
Source of classification or shelving scheme Dewey Decimal Classification
Koha item type Hindi Books
Call number prefix 828.08
Call number suffix रामच
Holdings
Withdrawn status Lost status Damaged status Not for loan Home library Current library Date acquired Source of acquisition Cost, normal purchase price Total Checkouts Full call number Barcode Date last seen Copy number Cost, replacement price Price effective from Koha item type
        Central Library Central Library 03/08/2015 Cen Lib/Ret 100.00   828.08 रामच A-440257 03/08/2015 1 100.00 03/08/2015 Hindi Books

© Delhi Public Library
Hit Counter
free hit counter